ʻIraq; a study in political development, (Record no. 552703)
[ view plain ]
| 000 -LEADER | |
|---|---|
| fixed length control field | 00529cam a22001571 4500 |
| 082 ## - DEWEY DECIMAL CLASSIFICATION NUMBER | |
| Classification number | 956.7 |
| Author Mark | IRE |
| -- | D |
| 100 1# - MAIN ENTRY--PERSONAL NAME | |
| Personal name | Ireland, Philip Willard, |
| 9 (RLIN) | 49961 |
| 245 10 - TITLE STATEMENT | |
| Title | ʻIraq; a study in political development, |
| Statement of responsibility, etc. | by Philip Willard Ireland. |
| 260 ## - PUBLICATION, DISTRIBUTION, ETC. | |
| Place of publication, distribution, etc. | London, |
| Name of publisher, distributor, etc. | J. Cape |
| Date of publication, distribution, etc. | [1937] |
| 300 ## - PHYSICAL DESCRIPTION | |
| Extent | 510 p. |
| Other physical details | front, illus., ports., fold. map. |
| Dimensions | 21 cm. |
| 526 ## - STUDY PROGRAM INFORMATION NOTE | |
| Program name | 0 |
| Interest level | 0 |
| Reading level | 0 |
| Title point value | 956_700000000000000_IRE |
| 650 #0 - SUBJECT ADDED ENTRY--TOPICAL TERM | |
| Topical term or geographic name entry element | Mandates |
| Geographic subdivision | Iraq. |
| 9 (RLIN) | 49962 |
| 650 #0 - SUBJECT ADDED ENTRY--TOPICAL TERM | |
| Topical term or geographic name entry element | MCE |
| 9 (RLIN) | 379 |
| 650 #0 - SUBJECT ADDED ENTRY--TOPICAL TERM | |
| Topical term or geographic name entry element | World War, 1914-1918 |
| Geographic subdivision | Arabian Peninsula. |
| 9 (RLIN) | 49774 |
| 942 ## - ADDED ENTRY ELEMENTS (KOHA) | |
| Source of classification or shelving scheme | |
| Koha item type | Book |
| Withdrawn status | Lost status | Source of classification or shelving scheme | Damaged status | Not for loan | Permanent Location | Current Location | Shelving location | Date acquired | Total Checkouts | Full call number | Barcode | Date last seen | Price effective from | Koha item type |
|---|---|---|---|---|---|---|---|---|---|---|---|---|---|---|
| Military College of Engineering (MCE) | Military College of Engineering (MCE) | 01/21/2015 | 956.7 IRE | MCE-ECI/81 | 01/21/2015 | 01/21/2015 | Book |
